000 01748cam a22004814i 4500
003 PE-LiUPU
005 20250731173059.0
008 150623s r 000 0 d
020 _a157506037X
035 _a(Sirsi) i9781575060378
040 _aPE-LiUPU
_bspa
_cPE-LiUPU
_erda
049 _aPRUA
082 0 4 _a222.06
_bR74
_221
245 0 0 _aReconsidering Israel and Judah :
_brecent studies on the Deuteronomistic history /
_ceditado por Gary N. Knoppers y J. Gordon McConville.
264 1 _aWinona Lake, Indiana :
_bEisenbrauns,
_c2000.
300 _a650 páginas ;
_c23 centímetros
336 _atext
_2rdacontent
337 _aunmediated
_2rdamedia
338 _avolume
_2rdacarrier
504 _aBibliografía al pié de páginas.
505 0 _aThe theory of a Deuteronomistic history and its refinements. -Deuteronomy, Joshua, Judges. -Samuel, Kings. -New directions.
526 _aSEG42
526 _aSEG41
526 _aSEG40
526 _aSEG39
526 _aP94
526 _aP87
526 _aP86
526 _aP85
526 _aP77
526 _aP76
526 _aP35
630 _aBiblia.
_pA.T.
_pProfetas
_xCrítica, interpretación, etc.
650 0 4 _aJudíos
_xHistoria
_y586 a.C.
_vHistoriografía.
700 1 _aKnoppers, Gary N.,
_eed.
700 1 _aMcConville, J. Gordon,
_eed.
942 _2ddc
_cBOOK
949 _a222.06 R74
_wDEWEY
_c1
_i48808
_lCCODEBUL1
_mBUL
_r0
_sY
_tBOOK
_u2015-6-24
_xTEOLOGIA
_PP35
_0COMPRA
_o.STAFF. Colección General
994 _aC0
_bPEPRU
596 _a1
999 _a222.06 R74
_wDEWEY
_c27967
_i48808
_f2021-11-9
_g5
_lCCODEBUL1
_mBUL
_r0
_sY
_tBOOK
_u2015-6-24
_xTEOLOGIA
_PP35
_0COMPRA
_o.STAFF. Colección General
_d27967
980 _81
_gALBERTO SANCHEZ Responsable de Automatización